[Event "XXVI Weekend Magistrale"]
[Site "Robecchetto con Induno ITA"]
[Date "2015.07.24"]
[Round "1"]
[White "D'Avino, Luca"]
[Black "Paleologu, Vladimir"]
[WhiteElo "1922"]
[BlackElo "2080"]
[Result "1-0"]
[PlyCount "93"]
[EventDate "2015.07.24"]

1. d4 d6 2. e4 Nf6 3. Nc3 Nbd7 4. Nf3 e5 5. Bc4 Be7 6. h3 c6 7. Bb3 h6 8. O-O
Qc7 9. a4 g5 10. dxe5 dxe5 11. Nh2 Nc5 12. Ba2 Ne6 13. Re1 Bd7 14. Bxe6 Bxe6
15. Be3 Bb4 16. Qf3 Nd7 17. Reb1 O-O-O 18. Nd1 Kb8 19. c3 Be7 20. b4 Rhf8 21.
g4 h5 22. Qe2 hxg4 23. hxg4 Rh8 24. Nf1 Rh4 25. f3 Rdh8 26. a5 Qd8 27. Nf2 f6
28. b5 c5 29. Rd1 R4h7 30. Ng3 Qg8 31. Nf5 Bf8 32. b6 a6 33. Nd6 Rh2 34. Nf5
Bc4 35. Rxd7 Be7 36. Nxe7 Bxe2 37. Nxg8 Kc8 38. Rc7+ Kb8 39. Nxf6 Bxf3 40. Nd7+
Ka8 41. Nxe5 Bxe4 42. Rc8+ Rxc8 43. Kxh2 Rh8+ 44. Kg3 Bc2 45. Bxg5 c4 46. Rh1
Rf8 47. Bf6 1-0

[Event "XXVI Weekend Magistrale"]
[Site "Robecchetto con Induno ITA"]
[Date "2015.07.24"]
[Round "1"]
[White "Genzling, Sylvie"]
[Black "Pinna, Ferdinando"]
[WhiteElo "2019"]
[BlackElo "1878"]
[Result "1/2-1/2"]
[PlyCount "78"]
[EventDate "2015.07.24"]

1. e4 c5 2. Nf3 e6 3. c4 Nc6 4. Nc3 d6 5. d4 cxd4 6. Nxd4 Qb6 7. Ndb5 Qd8 8.
Bf4 e5 9. Bg3 a6 10. Na3 Nf6 11. Be2 Be6 12. O-O Be7 13. Nc2 O-O 14. Kh1 Rc8
15. f4 exf4 16. Bxf4 Ne5 17. Bxe5 dxe5 18. Ne3 Bc5 19. Ned5 Bxd5 20. cxd5 Bd4
21. Qd3 b5 22. a3 Qb6 23. Rf5 Ne8 24. Qf3 Nd6 25. Rg5 Rc7 26. Rf1 f6 27. Rg3
Nf7 28. Qxf6 Qxf6 29. Rxf6 Bxc3 30. bxc3 Rxc3 31. Rxc3 gxf6 32. Rc6 Ng5 33. Bd3
f5 34. exf5 e4 35. Be2 Rxf5 36. h4 Nf7 37. Re6 Rxd5 38. Rxe4 Kg7 39. a4 bxa4
1/2-1/2

[Event "XXVI Weekend Magistrale"]
[Site "Robecchetto con Induno ITA"]
[Date "2015.07.24"]
[Round "1"]
[White "Gilevych, Artem"]
[Black "Egli, Urs"]
[WhiteElo "2407"]
[BlackElo "2013"]
[Result "1-0"]
[PlyCount "97"]
[EventDate "2015.07.24"]

1. d4 d6 2. Nf3 Nd7 3. c4 e5 4. e4 Ngf6 5. Nc3 Be7 6. Be2 O-O 7. O-O c6 8. Qc2
a6 9. Rd1 Qe8 10. d5 c5 11. Nh4 Bd8 12. Nf5 Bc7 13. Rd3 Kh8 14. Bg5 Ng8 15. Rg3
g6 16. Nh6 f6 17. Bd2 Nxh6 18. Bxh6 Rg8 19. Bd2 Qe7 20. a3 Nf8 21. Bd3 Ba5 22.
Rb1 Bxc3 23. Bxc3 b6 24. b4 Ra7 25. Qd2 Qg7 26. bxc5 bxc5 27. f4 Rb7 28. fxe5
fxe5 29. Rf3 Rxb1+ 30. Bxb1 Nd7 31. Ba5 Rf8 32. Qf2 Rxf3 33. Qxf3 Qe7 34. Bd2
Qf6 35. Qg3 Nb6 36. Qb3 Nd7 37. Bc2 Kg7 38. Qg3 Nb6 39. Bg5 Qf7 40. Qb3 Nd7 41.
Qe3 Nb6 42. Bh6+ Kg8 43. Qb3 Nd7 44. a4 Qf6 45. Qg3 Nb6 46. Bg5 Qf7 47. a5 Nd7
48. Qh4 Kg7 49. Be7 1-0

[Event "XXVI Weekend Magistrale"]
[Site "Robecchetto con Induno ITA"]
[Date "2015.07.24"]
[Round "1"]
[White "Grattarola, Fabio"]
[Black "Lanzani, Mario"]
[WhiteElo "1976"]
[BlackElo "2302"]
[Result "0-1"]
[PlyCount "118"]
[EventDate "2015.07.24"]

1. d4 Nf6 2. Nf3 c5 3. c3 g6 4. g3 b6 5. Bg2 Bb7 6. O-O Bg7 7. Qb3 Qc8 8. Ne5
d5 9. Bg5 O-O 10. Nd2 e6 11. Bxf6 Bxf6 12. f4 Nc6 13. Nxc6 Qxc6 14. e3 a5 15.
a4 Rfc8 16. Rfe1 Bg7 17. Bf1 Ba6 18. Bxa6 Rxa6 19. Nf3 Raa8 20. Re2 c4 21. Qc2
f5 22. Ra3 b5 23. axb5 Qxb5 24. Qa4 Qxa4 25. Rxa4 Rcb8 26. Kf1 Rb5 27. Ke1 Rab8
28. Ra2 h6 29. Kd1 Bf6 30. Ng1 g5 31. Nh3 g4 32. Nf2 Kf7 33. Kc2 h5 34. Re1 h4
35. Rea1 Rh8 36. Rh1 hxg3 37. hxg3 Rxh1 38. Nxh1 Rb8 39. Nf2 Rh8 40. Kd2 Rh2
41. Ke2 Rg2 42. Rxa5 Rxg3 43. Ra7+ Kg6 44. Ra6 Kf7 45. Ra7+ Be7 46. Rb7 Rg1 47.
Kd2 Ke8 48. Rb8+ Bd8 49. Ke2 Kd7 50. Rb7+ Bc7 51. b4 g3 52. Nh3 Rh1 53. Ng5 g2
54. Nf3 Rf1 55. b5 Kc8 56. Ra7 Rxf3 57. Ra1 Rg3 58. Rg1 Kb7 59. Kf2 Rg4 0-1

[Event "XXVI Weekend Magistrale"]
[Site "Robecchetto con Induno ITA"]
[Date "2015.07.24"]
[Round "1"]
[White "Medici, Simone"]
[Black "Imburgia, Giuseppe"]
[WhiteElo "2101"]
[BlackElo "1937"]
[Result "1-0"]
[PlyCount "63"]
[EventDate "2015.07.24"]

1. d4 Nf6 2. c4 e6 3. Nf3 b6 4. Nc3 Bb7 5. e3 d5 6. Bd3 Nbd7 7. O-O dxc4 8.
Bxc4 Be7 9. Qe2 O-O 10. e4 c5 11. e5 Nd5 12. Bxd5 exd5 13. e6 Nf6 14. Ng5 Ne4
15. Ncxe4 dxe4 16. exf7+ Kh8 17. Ne6 Qc8 18. Nxf8 Bxf8 19. dxc5 Ba6 20. Qxe4
Bxf1 21. Kxf1 Bxc5 22. b4 Bf8 23. Bb2 a6 24. Rc1 Qd8 25. Re1 Rc8 26. Qe8 Qd3+
27. Kg1 Qd2 28. b5 axb5 29. h4 h6 30. Re6 Rd8 31. Qxd8 Qxd8 32. Rxh6# 1-0

[Event "XXVI Weekend Magistrale"]
[Site "Robecchetto con Induno ITA"]
[Date "2015.07.24"]
[Round "1"]
[White "Monticone, Sonia"]
[Black "Soncin, Denis"]
[WhiteElo "1895"]
[BlackElo "2030"]
[Result "1-0"]
[PlyCount "65"]
[EventDate "2015.07.24"]

1. c4 e5 2. Nc3 g6 3. d4 exd4 4. Qxd4 Qf6 5. Qxf6 Nxf6 6. Bf4 d6 7. Nf3 Bg7 8.
h3 O-O 9. e3 Nc6 10. Be2 Bd7 11. O-O a6 12. Rac1 Rfe8 13. Rfd1 h6 14. c5 g5 15.
Bh2 dxc5 16. Bxc7 Bf5 17. g4 Be6 18. Bb6 Nd7 19. Bc7 Rac8 20. Bg3 f5 21. gxf5
Bxf5 22. Bc4+ Kh8 23. Bf1 Nde5 24. Nxe5 Nxe5 25. e4 Bh7 26. Rd6 Nf3+ 27. Kh1
Bxc3 28. Rxc3 Bxe4 29. Bg2 Nd4 30. Bxe4 Rxe4 31. Rxd4 Re2 32. Rd7 b5 33. Rf3
1-0

[Event "XXVI Weekend Magistrale"]
[Site "Robecchetto con Induno ITA"]
[Date "2015.07.24"]
[Round "1"]
[White "Pace, Roberto"]
[Black "Quirico, Paolo"]
[WhiteElo "1956"]
[BlackElo "2110"]
[Result "0-1"]
[PlyCount "102"]
[EventDate "2015.07.24"]

1. e4 e6 2. d4 d5 3. e5 c5 4. dxc5 Qc7 5. Nf3 Bxc5 6. Bd3 Nd7 7. Qe2 Ne7 8. Bf4
Nc6 9. c3 a5 10. Bg3 Be7 11. O-O Nc5 12. Bc2 b5 13. Na3 b4 14. Nb5 Qb6 15. a4
Ba6 16. Nfd4 Rb8 17. Rfd1 O-O 18. Qh5 g6 19. Qg4 Nxd4 20. cxd4 Nxa4 21. Bxa4
Bxb5 22. Bh4 Bxh4 23. Qxh4 Bxa4 24. Rxa4 Qb5 25. Raa1 Qe2 26. b3 Ra8 27. Re1
Qb2 28. Rab1 Qc2 29. Rbc1 Qf5 30. Re3 Rfc8 31. Rce1 Rc3 32. g4 Qf4 33. Kg2 Rac8
34. h3 Rxe3 35. Rxe3 Qxd4 36. Qf6 Rf8 37. Kg3 Qd2 38. h4 d4 39. Rf3 Qh6 40. g5
Qg7 41. Qf4 Rd8 42. Rd3 Qf8 43. Rxd4 Rxd4 44. Qxd4 Qb8 45. f4 Qc7 46. Kg4 Kg7
47. h5 gxh5+ 48. Kxh5 Qc3 49. Qf2 Qh3+ 50. Qh4 Qxh4+ 51. Kxh4 a4 0-1

[Event "XXVI Weekend Magistrale"]
[Site "Robecchetto con Induno ITA"]
[Date "2015.07.24"]
[Round "1"]
[White "Zito, Riccardo"]
[Black "Cacciola, Alfredo"]
[WhiteElo "1936"]
[BlackElo "2098"]
[Result "1/2-1/2"]
[PlyCount "112"]
[EventDate "2015.07.24"]

1. e4 c5 2. Nf3 d6 3. Bb5+ Bd7 4. Bxd7+ Qxd7 5. O-O Nf6 6. Qe2 Nc6 7. c3 e6 8.
Rd1 Be7 9. d4 cxd4 10. cxd4 d5 11. e5 Ne4 12. Nbd2 Nxd2 13. Bxd2 O-O 14. Bg5
Rfc8 15. Bxe7 Nxe7 16. Rac1 Rc6 17. Rxc6 Qxc6 18. h3 Rc8 19. Ne1 Qc4 20. Qxc4
Rxc4 21. b3 Rc3 22. Kf1 f6 23. Ke2 fxe5 24. dxe5 Ng6 25. Kd2 Rc6 26. Nd3 Kf7
27. f4 Nh4 28. g4 Ke7 29. Rf1 g6 30. Rf2 Rc8 31. Ke3 b6 32. Kd2 Rf8 33. Ke3 Kd7
34. Rc2 h6 35. a4 a5 36. b4 axb4 37. Nxb4 Ra8 38. Ra2 g5 39. f5 exf5 40. Nxd5
f4+ 41. Ke4 Rb8 42. Rc2 Rb7 43. Nf6+ Ke7 44. Rc6 f3 45. Nd5+ Kf7 46. Rf6+ Ke8
47. e6 b5 48. e7 Rxe7+ 49. Nxe7 Kxe7 50. Rc6 bxa4 51. Ke3 Kf7 52. Ra6 Kg7 53.
Rxa4 Kf6 54. Ra6+ Kg7 55. Rb6 Kh7 56. Rb7+ Kg6 1/2-1/2

[Event "XXVI Weekend Magistrale"]
[Site "Robecchetto con Induno ITA"]
[Date "2015.07.25"]
[Round "2"]
[White "Balzan, Alessandro"]
[Black "Grattarola, Fabio"]
[WhiteElo "1955"]
[BlackElo "1976"]
[Result "1-0"]
[PlyCount "99"]
[EventDate "2015.07.24"]

1. e4 d5 2. exd5 Qxd5 3. Nc3 Qa5 4. Nf3 c6 5. d4 Bf5 6. Bd3 e6 7. O-O Nf6 8.
Qe2 Bg4 9. Qe5 Qxe5 10. Nxe5 Bh5 11. Re1 Bb4 12. Bd2 Nbd7 13. a3 Bxc3 14. Bxc3
Nxe5 15. Rxe5 Bg6 16. Bxg6 hxg6 17. h3 Rh5 18. Rae1 Rd8 19. f3 Rd5 20. Rxd5
cxd5 21. Kf2 Kd7 22. Re3 Rh8 23. Bb4 Rc8 24. Rc3 Rc6 25. Rxc6 bxc6 26. Ke3 Ne8
27. Bf8 Nd6 28. Bxd6 Kxd6 29. b4 f6 30. f4 Kc7 31. Kd3 Kb6 32. a4 a6 33. c3 Kc7
34. g4 Kd7 35. h4 Kc7 36. c4 Kb6 37. Kc3 Kc7 38. b5 cxb5 39. cxb5 Kb6 40. bxa6
Kxa6 41. h5 Ka5 42. Kb3 gxh5 43. gxh5 Ka6 44. Kb4 Kb6 45. a5+ Kc6 46. Ka4 e5
47. dxe5 fxe5 48. fxe5 d4 49. Kb4 Kd5 50. a6 1-0

[Event "XXVI Weekend Magistrale"]
[Site "Robecchetto con Induno ITA"]
[Date "2015.07.25"]
[Round "2"]
[White "Barlocco, Carlo"]
[Black "Cereda, Loris"]
[WhiteElo "2062"]
[BlackElo "2225"]
[Result "1/2-1/2"]
[PlyCount "116"]
[EventDate "2015.07.24"]

1. Nc3 e5 2. Nf3 Nc6 3. d4 exd4 4. Nxd4 Nf6 5. Bg5 Be7 6. Nf5 d5 7. Nxe7 Nxe7
8. Bxf6 gxf6 9. Qd4 Qd6 10. O-O-O c5 11. Qd2 Bd7 12. Nxd5 Qxd5 13. Qxd5 Nxd5
14. Rxd5 b6 15. e4 Ke7 16. f3 h5 17. g3 Be6 18. Rd2 Rad8 19. b3 Rxd2 20. Kxd2
Rd8+ 21. Ke3 f5 22. Bd3 fxe4 23. Bxe4 c4 24. f4 Kf6 25. Re1 c3 26. Bd3 Bg4 27.
Kf2 Rd5 28. Re3 Be6 29. Ke1 Bg4 30. Be2 Bxe2 31. Rxe2 b5 32. b4 h4 33. Re3 Rd2
34. Rxc3 Rxh2 35. gxh4 Rxh4 36. Rc5 a6 37. Rc6+ Kf5 38. Rxa6 Kxf4 39. Kd2 Ke4
40. Rb6 Rh2+ 41. Kc3 Rh3+ 42. Kb2 f5 43. Rxb5 f4 44. Rb8 f3 45. Re8+ Kd4 46.
Rf8 Ke3 47. Re8+ Kd2 48. c4 f2 49. Rf8 Ke3 50. Rxf2 Kxf2 51. b5 Ke3 52. Kc3
Ke4+ 53. Kb4 Kd4 54. b6 Rh1 55. Kb5 Rb1+ 56. Kc6 Kxc4 57. b7 Rxb7 58. Kxb7 Kb4
1/2-1/2

[Event "XXVI Weekend Magistrale"]
[Site "Robecchetto con Induno ITA"]
[Date "2015.07.25"]
[Round "2"]
[White "Cacciola, Alfredo"]
[Black "Genzling, Sylvie"]
[WhiteElo "2098"]
[BlackElo "2019"]
[Result "0-1"]
[PlyCount "100"]
[EventDate "2015.07.24"]

1. e4 e6 2. d4 d5 3. Nc3 Nf6 4. e5 Nfd7 5. f4 c5 6. Nf3 Nc6 7. Be3 cxd4 8. Nxd4
Bc5 9. Qd2 a6 10. O-O-O O-O 11. g4 Bxd4 12. Bxd4 f6 13. exf6 Nxf6 14. Bc5 Re8
15. g5 Nd7 16. Bf2 Nf8 17. h4 b5 18. Bg2 Ne7 19. Rhe1 Bb7 20. Bc5 Rc8 21. Qf2
Nf5 22. Bh3 Nd7 23. Bd4 b4 24. Bxf5 exf5 25. Rxe8+ Qxe8 26. Ne2 a5 27. Ng3 Qf7
28. h5 a4 29. Kb1 Ba6 30. h6 g6 31. b3 axb3 32. axb3 Nf8 33. Bb2 Ne6 34. Qe1 d4
35. Qxb4 Qc7 36. Qd2 Kf7 37. Nh1 Rd8 38. Nf2 Nxf4 39. Bxd4 Ne6 40. Qe3 Nxd4 41.
Rxd4 Re8 42. Qd2 Bb5 43. Rd6 Re2 44. Qd5+ Ke7 45. c4 Qxd6 46. Qxb5 Rxf2 47.
Qb7+ Ke6 48. Qc8+ Ke5 49. Qe8+ Kf4 50. Qe1 Qd3+ 0-1

[Event "XXVI Weekend Magistrale"]
[Site "Robecchetto con Induno ITA"]
[Date "2015.07.25"]
[Round "2"]
[White "D'Avino, Gianfranco"]
[Black "Gilevych, Artem"]
[WhiteElo "2102"]
[BlackElo "2407"]
[Result "0-1"]
[PlyCount "63"]
[EventDate "2015.07.24"]

1. d4 d5 2. c4 c6 3. Nf3 Nf6 4. Nc3 e6 5. Bg5 h6 6. Bxf6 Qxf6 7. e3 Nd7 8. Be2
g6 9. O-O Bg7 10. cxd5 exd5 11. b4 O-O 12. b5 Nb6 13. bxc6 bxc6 14. Rc1 Qd6 15.
Na4 Re8 16. Nc5 Re7 17. a4 g5 18. a5 Nd7 19. Qc2 f5 20. Nxd7 Bxd7 21. Qc5 Qxc5
22. Rxc5 f4 23. Rb1 fxe3 24. Rb7 exf2+ 25. Kxf2 Rf7 26. Ke1 Be8 27. Ba6 Rf4 28.
Rc7 Bf8 29. Bb7 Rd8 30. Rc2 Bb4+ 31. Kd1 g4 32. Ne5 0-1

[Event "XXVI Weekend Magistrale"]
[Site "Robecchetto con Induno ITA"]
[Date "2015.07.25"]
[Round "2"]
[White "Egli, Urs"]
[Black "Cesarano, Marco"]
[WhiteElo "2013"]
[BlackElo "1950"]
[Result "1-0"]
[PlyCount "51"]
[EventDate "2015.07.24"]

1. e4 c5 2. Nf3 d6 3. d4 cxd4 4. Nxd4 Nf6 5. Nc3 g6 6. Be3 Bg7 7. f3 Nc6 8. Bc4
O-O 9. Qd2 Bd7 10. O-O-O Rc8 11. Bb3 Ne5 12. h4 Nc4 13. Bxc4 Rxc4 14. h5 Nxh5
15. g4 Nf6 16. Nde2 Re8 17. e5 Nxg4 18. fxg4 Bxe5 19. Bd4 Qa5 20. Qh6 Rxd4 21.
Rxd4 Be6 22. Re4 Rc8 23. Nd4 Bd7 24. Qxh7+ Kf8 25. Rf1 Be8 26. Ne6# 1-0

[Event "XXVI Weekend Magistrale"]
[Site "Robecchetto con Induno ITA"]
[Date "2015.07.25"]
[Round "2"]
[White "Guidi, Maurizio"]
[Black "Boschetti, Claudio"]
[WhiteElo "2015"]
[BlackElo "2140"]
[Result "1/2-1/2"]
[PlyCount "90"]
[EventDate "2015.07.24"]

1. Nf3 d6 2. d4 Nd7 3. c4 e5 4. e3 Ngf6 5. Nc3 Be7 6. Qc2 c6 7. Be2 a5 8. O-O
O-O 9. b3 Re8 10. Bb2 Bf8 11. dxe5 dxe5 12. Rfd1 Qc7 13. e4 Nc5 14. h3 Nh5 15.
Bf1 g6 16. g4 Nf4 17. Ne2 Nxe2+ 18. Qxe2 f6 19. Ne1 Ne6 20. Qf3 Qg7 21. Nd3 c5
22. Ne1 Ra6 23. Ng2 h5 24. Ne3 Nd4 25. Qg2 hxg4 26. hxg4 Qh6 27. Rd3 Re7 28.
Nd5 Rh7 29. Nxf6+ Rxf6 30. g5 Qh1+ 31. Qxh1 Rxh1+ 32. Kxh1 Rxf2 33. Bxd4 exd4
34. Bh3 Bxh3 35. Rxh3 Re2 36. a4 Rxe4 37. Rg1 Bd6 38. Rf3 Be7 39. Kg2 Re5 40.
Kf1 Kg7 41. Rfg3 Bd8 42. R1g2 b6 43. Rg4 Re3 44. R4g3 Re5 45. Rg4 Re3 1/2-1/2

[Event "XXVI Weekend Magistrale"]
[Site "Robecchetto con Induno ITA"]
[Date "2015.07.25"]
[Round "2"]
[White "Imburgia, Giuseppe"]
[Black "Balzan, Marco"]
[WhiteElo "1937"]
[BlackElo "1969"]
[Result "1/2-1/2"]
[PlyCount "126"]
[EventDate "2015.07.24"]

1. d4 Nf6 2. c4 c5 3. Nf3 g6 4. Nc3 cxd4 5. Nxd4 Bg7 6. e3 O-O 7. Be2 d6 8. O-O
Nc6 9. b3 Bd7 10. Bb2 Rc8 11. Qd2 a6 12. Rfd1 Qb6 13. Rac1 Rfd8 14. Na4 Qa7 15.
Nxc6 bxc6 16. c5 Ne4 17. Qc2 Bxb2 18. Qxb2 Be6 19. Nb6 Rb8 20. b4 dxc5 21.
Rxd8+ Rxd8 22. bxc5 Rb8 23. Qd4 Nxc5 24. Qxc5 Qxb6 25. Qxe7 Qb2 26. Re1 Bxa2
27. Bxa6 Qb6 28. Be2 c5 29. h4 c4 30. Qe5 Rc8 31. Rc1 Qc5 32. Qc3 Qb5 33. Rc2
Qb3 34. Kf1 Qxc3 35. Rxc3 Kf8 36. Ke1 Ke7 37. Kd2 Kd6 38. Ra3 Bb3 39. Kc3 Rc7
40. Ra5 f6 41. Ra6+ Ke5 42. f4+ Ke4 43. Re6+ Kf5 44. Re8 h5 45. g3 g5 46. hxg5
fxg5 47. Re5+ Kf6 48. Rxg5 Re7 49. Re5 Rxe5 50. fxe5+ Kxe5 51. Bxh5 Ke4 52. g4
Bd1 53. Kd2 Bf3 54. Bg6+ Ke5 55. Bf5 Kf6 56. Kc3 Be2 57. Kd4 Kg5 58. Be6 Kf6
59. Bf5 Kg5 60. e4 Bd3 61. Be6 Kf4 62. e5 Be2 63. Bxc4 Bxg4 1/2-1/2

[Event "XXVI Weekend Magistrale"]
[Site "Robecchetto con Induno ITA"]
[Date "2015.07.25"]
[Round "2"]
[White "Lanzani, Mario"]
[Black "Medici, Simone"]
[WhiteElo "2302"]
[BlackElo "2101"]
[Result "1-0"]
[PlyCount "87"]
[EventDate "2015.07.24"]

1. c4 e5 2. e3 Nc6 3. Nc3 Nf6 4. a3 g6 5. Nf3 Bg7 6. Qc2 O-O 7. d3 b6 8. b4 d6
9. Bb2 Bb7 10. Be2 Re8 11. O-O a5 12. b5 Nb8 13. Nd2 Nbd7 14. Bf3 Qc8 15. d4 h5
16. Bc6 Bxc6 17. bxc6 Nf8 18. d5 g5 19. e4 Ng6 20. Nd1 Nf4 21. Re1 h4 22. Ne3
Ng4 23. Ndf1 Nh6 24. h3 g4 25. hxg4 Nxg4 26. Nf5 h3 27. g3 Ng2 28. Re2 Nh6 29.
Kh2 Nxf5 30. exf5 e4 31. Kxh3 Bxb2 32. Qxb2 Nf4+ 33. gxf4 Qxf5+ 34. Kg2 Qxf4
35. Re3 Re5 36. Rg3+ Kf8 37. Ne3 Ke7 38. Rh1 Rg5 39. Rhh3 Rag8 40. Qe2 R8g6 41.
Rxg5 Rxg5+ 42. Rg3 Re5 43. Qg4 Qf6 44. Qc8 1-0

[Event "XXVI Weekend Magistrale"]
[Site "Robecchetto con Induno ITA"]
[Date "2015.07.25"]
[Round "2"]
[White "Montilli, Vincenzo"]
[Black "D'Avino, Luca"]
[WhiteElo "2161"]
[BlackElo "1922"]
[Result "1-0"]
[PlyCount "61"]
[EventDate "2015.07.24"]

1. Nf3 Nf6 2. c4 c5 3. g3 b6 4. Bg2 Bb7 5. O-O e6 6. Nc3 Be7 7. Re1 O-O 8. e4
d6 9. d4 cxd4 10. Nxd4 Qc8 11. b3 Nc6 12. Nxc6 Qxc6 13. Bb2 Rfe8 14. Rc1 Rad8
15. a4 Qc8 16. Qe2 Qa8 17. a5 bxa5 18. Nb5 Rd7 19. Bc3 a6 20. Nd4 Bd8 21. Ra1
Bb6 22. Nc2 Qd8 23. Qd2 Qa8 24. Bxf6 gxf6 25. Qh6 Qd8 26. Ne3 Kh8 27. Ng4 Bd4
28. Rad1 Bc3 29. e5 Bxe5 30. Bxb7 Rxb7 31. Rxe5 1-0

[Event "XXVI Weekend Magistrale"]
[Site "Robecchetto con Induno ITA"]
[Date "2015.07.25"]
[Round "2"]
[White "Paleologu, Vladimir"]
[Black "Pace, Roberto"]
[WhiteElo "2080"]
[BlackElo "1956"]
[Result "1-0"]
[PlyCount "43"]
[EventDate "2015.07.24"]

1. e4 c5 2. Nf3 d6 3. d4 cxd4 4. Nxd4 Nf6 5. Nc3 e6 6. Be3 Be7 7. g4 h6 8. Rg1
a6 9. Qf3 Nbd7 10. O-O-O Qc7 11. Qh3 Rg8 12. f4 Nc5 13. Qf3 b5 14. g5 hxg5 15.
fxg5 Nfd7 16. g6 fxg6 17. Rxg6 Ne5 18. Qh5 Nxg6 19. Qxg6+ Kf8 20. Be2 Bf6 21.
Bh5 Qe7 22. Nc6 1-0

[Event "XXVI Weekend Magistrale"]
[Site "Robecchetto con Induno ITA"]
[Date "2015.07.25"]
[Round "2"]
[White "Pinna, Ferdinando"]
[Black "Zito, Riccardo"]
[WhiteElo "1878"]
[BlackElo "1936"]
[Result "0-1"]
[PlyCount "68"]
[EventDate "2015.07.24"]

1. e4 e6 2. d4 d5 3. Nc3 Bb4 4. e5 c5 5. a3 Ba5 6. b4 cxd4 7. Nb5 Bc7 8. f4 Nc6
9. Qg4 Kf8 10. Nf3 a5 11. Bd3 axb4 12. Ng5 h5 13. Qh3 g6 14. g4 h4 15. O-O Kg7
16. Nxf7 Kxf7 17. f5 exf5 18. gxf5 Nxe5 19. Qg2 h3 20. fxg6+ Kg7 21. Qf2 Be6
22. Nxd4 Qe7 23. Qe2 Nf6 24. Bg5 Raf8 25. Bf5 Bd7 26. Bxd7 Qxd7 27. Nf5+ Kxg6
28. Nh4+ Kxg5 29. Rf5+ Qxf5 30. Nxf5 Kxf5 31. Rf1+ Ke6 32. Rf4 Rhg8+ 33. Kf1
Ne4 34. Qe3 Ng4 0-1

[Event "XXVI Weekend Magistrale"]
[Site "Robecchetto con Induno ITA"]
[Date "2015.07.25"]
[Round "2"]
[White "Quirico, Paolo"]
[Black "Monticone, Sonia"]
[WhiteElo "2110"]
[BlackElo "1895"]
[Result "0-1"]
[PlyCount "60"]
[EventDate "2015.07.24"]

1. d4 d5 2. Bf4 Nf6 3. e3 c5 4. c3 Qb6 5. Qb3 Nc6 6. Nd2 Bf5 7. Ngf3 h6 8. h3
e6 9. Be2 Be7 10. O-O g5 11. Bg3 g4 12. hxg4 Bxg4 13. dxc5 Bxc5 14. Qxb6 Bxb6
15. Bb5 Nd7 16. Ne5 Ndxe5 17. Bxe5 Rg8 18. Rfe1 O-O-O 19. Bf6 Rde8 20. Bd4 Bc7
21. Bxc6 bxc6 22. c4 Be5 23. Bc3 Bxc3 24. bxc3 Kc7 25. cxd5 exd5 26. c4 dxc4
27. Rec1 Rd8 28. Nxc4 Bf3 29. g3 Rg5 30. g4 Rxg4+ 0-1

[Event "XXVI Weekend Magistrale"]
[Site "Robecchetto con Induno ITA"]
[Date "2015.07.25"]
[Round "2"]
[White "Roth, Antoine"]
[Black "Cavallini, Gianfranco"]
[WhiteElo "1923"]
[BlackElo "2102"]
[Result "0-1"]
[PlyCount "100"]
[EventDate "2015.07.24"]

1. e4 g6 2. d4 Bg7 3. Nc3 c6 4. Be3 d5 5. Qd2 Nf6 6. e5 Ng4 7. f4 c5 8. Nf3
Nxe3 9. Qxe3 c4 10. Nd2 Bf5 11. Be2 h5 12. Bf3 e6 13. Rg1 Nc6 14. b3 Qb6 15.
Bxd5 exd5 16. Nxd5 Qxd4 17. Nc7+ Ke7 18. Qxd4 Nxd4 19. Nxa8 c3 20. Nc4 Rxa8 21.
Kf2 Bh6 22. g3 Bxc2 23. Ne3 Be4 24. Rad1 Nb5 25. a4 c2 26. Nxc2 Nc3 27. Rd4 Rd8
28. Ke3 Na2 29. Rxd8 Kxd8 30. Rd1+ Ke8 31. Rd2 Bh1 32. Na3 Nb4 33. Nb5 Bf8 34.
Nc7+ Ke7 35. Rd6 Nc6 36. Kd3 Bg7 37. Kc4 f6 38. b4 Nd8 39. Rxd8 Kxd8 40. Ne6+
Ke7 41. Nxg7 fxe5 42. fxe5 Kf7 43. Kc5 Kxg7 44. Kd6 Kf7 45. b5 Be4 46. a5 Bd3
47. e6+ Ke8 48. b6 axb6 49. axb6 Bf5 50. h4 Bg4 0-1

[Event "XXVI Weekend Magistrale"]
[Site "Robecchetto con Induno ITA"]
[Date "2015.07.25"]
[Round "2"]
[White "Tarelli, Daniele"]
[Black "Bianchi, Alberto"]
[WhiteElo "1975"]
[BlackElo "1876"]
[Result "1-0"]
[PlyCount "65"]
[EventDate "2015.07.24"]

1. d4 Nf6 2. Nf3 e6 3. Nbd2 d5 4. e3 c5 5. c3 Nc6 6. Bd3 Bd6 7. O-O O-O 8. Re1
e5 9. dxe5 Nxe5 10. Nxe5 Bxe5 11. e4 dxe4 12. Nxe4 Nxe4 13. Bxe4 Qc7 14. Bxh7+
Kxh7 15. Qh5+ Kg8 16. Qxe5 Qxe5 17. Rxe5 c4 18. Be3 Be6 19. h3 Rfd8 20. Bd4 Rd6
21. Rae1 Rad8 22. f4 Bd7 23. Kf2 b6 24. h4 a5 25. R5e3 b5 26. Rg3 f6 27. Re7 g5
28. hxg5 f5 29. Rh3 Kf8 30. Bf6 Rd2+ 31. Kg1 Rxg2+ 32. Kxg2 Bc6+ 33. Kf2 1-0

[Event "XXVI Weekend Magistrale"]
[Site "Robecchetto con Induno ITA"]
[Date "2015.07.25"]
[Round "2"]
[White "Troiani, Mauro"]
[Black "Brugo, Marco"]
[WhiteElo "1966"]
[BlackElo "2094"]
[Result "1/2-1/2"]
[PlyCount "105"]
[EventDate "2015.07.24"]

1. d4 d5 2. c4 c6 3. Nf3 Nf6 4. Nc3 a6 5. c5 Nbd7 6. Bf4 Nh5 7. Bd2 Nhf6 8. Bf4
Nh5 9. Bd2 g6 10. Rc1 Bg7 11. e4 dxe4 12. Nxe4 Ndf6 13. Nxf6+ Nxf6 14. h3 Be6
15. a3 O-O 16. Be2 Bd5 17. Bf4 Qa5+ 18. Bd2 Qc7 19. O-O Bxf3 20. Bxf3 Rad8 21.
Qa4 Rd7 22. Rfd1 Nd5 23. g3 Re8 24. Re1 e6 25. Re2 Ne7 26. Rc4 Nf5 27. Bf4 Qd8
28. Be5 Nxd4 29. Rxd4 Rxd4 30. Qxd4 Qxd4 31. Bxd4 Bxd4 32. b4 e5 33. Be4 f5 34.
Bb1 Kf7 35. Ba2+ Kf6 36. Kg2 g5 37. Rd2 h5 38. Bc4 a5 39. f4 gxf4 40. gxf4 axb4
41. axb4 Re7 42. fxe5+ Bxe5 43. Rd3 Rg7+ 44. Kf1 f4 45. b5 Rg3 46. Rxg3 fxg3
47. bxc6 bxc6 48. Be2 Ke6 49. Bxh5 Kd5 50. Bg6 Kxc5 51. h4 Kd4 52. Kg2 Bf4 53.
h5 1/2-1/2

[Event "XXVI Weekend Magistrale"]
[Site "Robecchetto con Induno ITA"]
[Date "2015.07.25"]
[Round "3"]
[White "Balzan, Alessandro"]
[Black "Paleologu, Vladimir"]
[WhiteElo "1955"]
[BlackElo "2080"]
[Result "0-1"]
[PlyCount "84"]
[EventDate "2015.07.24"]

1. e4 e5 2. Nf3 d6 3. d4 Qe7 4. dxe5 dxe5 5. Nc3 c6 6. Bg5 Nf6 7. a3 h6 8. Bh4
Nbd7 9. Be2 g5 10. Bg3 Nh5 11. Qd2 Nxg3 12. hxg3 Qf6 13. Nh2 h5 14. Nf1 g4 15.
Bc4 Nb6 16. Bb3 Bd7 17. Ne3 O-O-O 18. O-O-O Bh6 19. Qe2 Bf8 20. Rhf1 Bc5 21.
Kb1 Qg6 22. Nc4 Bd4 23. Nxb6+ axb6 24. Na2 h4 25. gxh4 g3 26. f3 Rxh4 27. Nc1
Rh2 28. Nd3 Bh3 29. Ne1 b5 30. c3 Bb6 31. Rxd8+ Bxd8 32. c4 bxc4 33. Qxc4 Bxg2
34. Nxg2 Rxg2 35. Rd1 Qf6 36. Qd3 Qe7 37. Bxf7 Bb6 38. Bh5 Bd4 39. Bg4+ Kc7 40.
Rd2 Rg1+ 41. Rd1 Rxd1+ 42. Qxd1 g2 0-1

[Event "XXVI Weekend Magistrale"]
[Site "Robecchetto con Induno ITA"]
[Date "2015.07.25"]
[Round "3"]
[White "Balzan, Marco"]
[Black "Troiani, Mauro"]
[WhiteElo "1969"]
[BlackElo "1966"]
[Result "1-0"]
[PlyCount "99"]
[EventDate "2015.07.24"]

1. e4 c5 2. Nf3 d6 3. d4 cxd4 4. Nxd4 Nf6 5. Nc3 Nc6 6. Be2 e5 7. Nb3 Be7 8.
O-O O-O 9. Be3 a5 10. Nd2 Be6 11. Nc4 Bxc4 12. Bxc4 Qc7 13. Bb3 a4 14. Bxa4
Nxe4 15. Nd5 Qd8 16. c4 Nc5 17. Bxc6 bxc6 18. Nxe7+ Qxe7 19. Bxc5 dxc5 20. Qe2
Rfe8 21. b3 Qc7 22. Rfd1 Red8 23. Rxd8+ Rxd8 24. a4 f6 25. h3 Qb6 26. Qc2 Qb4
27. Rd1 Rb8 28. Rb1 Rd8 29. Qe4 Qb6 30. Qf3 Rd4 31. Qf5 Qc7 32. Ra1 Qd7 33.
Qxd7 Rxd7 34. a5 Ra7 35. Kf1 Kf7 36. Ke2 Ke6 37. Kd3 f5 38. Kc3 e4 39. b4 cxb4+
40. Kxb4 Kd6 41. c5+ Kc7 42. a6 Ra8 43. Ka5 g5 44. Rb1 Rb8 45. Rb6 f4 46. a7
Ra8 47. Ka6 e3 48. fxe3 fxe3 49. Rb3 Re8 50. Rb7+ 1-0